000 00965cam a2200277 a 4500
001 15473196
003 ARRUPE
005 20141010124852.0
008 080929s2009 njua b 001 0 eng
010 _a 2008938497
020 _a9780691142067 (pbk.)
040 _aDLC
_cDLC
042 _apcc
043 _ae------
050 0 0 _aQ127.E8
_bD433 2009
100 1 _aDear, Peter,
_d1958-
_99998
245 1 0 _aRevolutionizing the sciences :
_bEuropean knowledge and its ambitions, 1500-1700 /
_cPeter Dear.
250 _a2nd ed.
260 _aPrinceton, NJ :
_bPrinceton University Press,
_c2009.
300 _aviii, 203 p. :
_bill. ;
_c24 cm.
504 _aIncludes bibliographical references and index.
650 0 _aScience
_zEurope
_xHistory.
_912139
906 _a7
_bcbc
_corignew
_d2
_eepcn
_f20
_gy-gencatlg
942 _2lcc
_cMONOGRAPH
999 _c121112
_d121112